[Event "USA tt"]
[Site "ICC INT"]
[Date "2014.09.16"]
[Round "4"]
[White "Anka, Emil"]
[Black "Stukopin, Andrey"]
[Result "0-1"]
[WhiteElo "2382"]
[BlackElo "2556"]
[PlyCount "66"]
[EventDate "2014.08.26"]
[EventType "team-tourn"]
[EventRounds "10"]
[EventCountry "USA"]
[SourceTitle "CBM 162 Extra"]
[Source "ChessBase"]
[SourceDate "2014.10.17"]
[SourceVersion "1"]
[SourceVersionDate "2014.10.17"]
[SourceQuality "1"]
[WhiteTeam "Seattle"]
[BlackTeam "Rio Grande"]
[WhiteTeamCountry "USA"]
[BlackTeamCountry "USA"]

1. e4 c5 2. Nf3 Nc6 3. d4 cxd4 4. Nxd4 Nf6 5. Nc3 d6 6. Bg5 e6 7. Qd2 a6 8. 0-0-0 h6 9. Be3 Bd7 10. f3 Qc7 11. Kb1 b5 12. Bd3 Be7 13. g4 b4 14. Nce2 d5 15. Nxc6 Bxc6 16. Ng3 a5 17. Qg2 a4 18. h4 dxe4 19. Bxe4 Nxe4 20. Nxe4 b3 21. cxb3 axb3 22. a3 0-0 23. g5 h5 24. Rd3 Qe5 25. Bd4 Qb5 26. Rhd1 Rfd8 27. R3d2 Qf5 28. Rd3 Ra4 29. Ka1 e5 30. Ng3 Qg6 31. Qe2 Bxa3 32. bxa3 Rxa3+ 33. Kb2 Ra2+ 0-1

[Event "USA tt"]
[Site "ICC INT"]
[Date "2013.10.09"]
[Round "7"]
[White "Huschenbeth, Niclas"]
[Black "Anka, Emil"]
[Result "1-0"]
[WhiteElo "2542"]
[BlackElo "2382"]
[PlyCount "87"]
[EventDate "2013.08.27"]
[EventType "team-tourn"]
[EventRounds "10"]
[EventCountry "USA"]
[SourceTitle "CBM 156 Extra"]
[Source "ChessBase"]
[SourceDate "2013.10.22"]
[SourceVersion "1"]
[SourceVersionDate "2013.10.22"]
[SourceQuality "1"]
[WhiteTeam "Baltimore"]
[BlackTeam "Seattle"]
[WhiteTeamCountry "USA"]
[BlackTeamCountry "USA"]

1. e4 c5 2. Nf3 Nc6 3. d4 cxd4 4. Nxd4 g6 5. c4 Nf6 6. Nc3 d6 7. Be2 Nxd4 8. Qxd4 Bg7 9. Be3 0-0 10. Qd2 a5 11. 0-0 a4 12. Rad1 Qa5 13. Bd4 Bd7 14. Bxf6 Bxf6 15. Nd5 Qxd2 16. Rxd2 Kg7 17. Nb6 Rad8 18. a3 Bc6 19. f3 Bg5 20. f4 Bf6 21. Bd1 e5 22. Bxa4 Bxa4 23. Nxa4 exf4 24. Kf2 Rfe8 25. Kf3 Re5 26. Nb6 Rde8 27. Re1 Rh5 28. h3 h6 29. Nd5 Be5 30. Nxf4 Bxf4 31. Kxf4 Rc5 32. b3 Re6 33. Rd5 Rc7 34. Red1 Rce7 35. R1d4 Rf6+ 36. Ke3 Rf1 37. Rxd6 Re1+ 38. Kf2 Rb1 39. Rb6 Rb2+ 40. Kf3 f5 41. exf5 gxf5 42. Rdd6 f4 43. Rg6+ Kf7 44. Rxh6 1-0

[Event "USA tt"]
[Site "ICC INT"]
[Date "2013.09.18"]
[Round "4"]
[White "Anka, Emil"]
[Black "Bartell, Thomas"]
[Result "0-1"]
[WhiteElo "2382"]
[BlackElo "2383"]
[PlyCount "70"]
[EventDate "2013.08.27"]
[EventType "team-tourn"]
[EventRounds "10"]
[EventCountry "USA"]
[SourceTitle "CBM 156 Extra"]
[Source "ChessBase"]
[SourceDate "2013.10.22"]
[SourceVersion "1"]
[SourceVersionDate "2013.10.22"]
[SourceQuality "1"]
[WhiteTeam "Seattle"]
[BlackTeam "Philadelphia"]
[WhiteTeamCountry "USA"]
[BlackTeamCountry "USA"]

1. d4 Nf6 2. c4 g6 3. Nc3 Bg7 4. e4 d6 5. Nf3 0-0 6. h3 e5 7. d5 Nh5 8. Nh2 Qe8 9. Be2 Nf4 10. Bf3 f5 11. Be3 Na6 12. a3 h5 13. h4 Qe7 14. Qc2 c6 15. dxc6 bxc6 16. 0-0-0 Bd7 17. Qd2 Rf6 18. exf5 Bxf5 19. Ne4 Re6 20. Bxf4 exf4 21. Nxd6 Bxb2+ 22. Kxb2 Rd8 23. Qa5 Qf6+ 24. Ka2 Rb8 25. Nb5 cxb5 26. Bd5 bxc4 27. Rd2 Kg7 28. Bxe6 Bxe6 29. Re2 c3+ 30. Ka1 c2+ 31. Qe5 Bf5 32. Qxf6+ Kxf6 33. Ree1 Nc5 34. Nf3 Nd3 35. Ref1 Rb3 0-1

[Event "Regionalliga SO 0910"]
[Site "Bayern"]
[Date "2010.04.11"]
[Round "9.1"]
[White "Anka, Emil"]
[Black "Zill, Christoph"]
[Result "1-0"]
[WhiteElo "2359"]
[BlackElo "2156"]
[PlyCount "91"]
[EventDate "2009.10.18"]
[EventType "team-tourn"]
[EventRounds "9"]
[EventCountry "GER"]
[SourceTitle "EXT 2011"]
[Source "ChessBase"]
[SourceDate "2010.11.26"]
[SourceVersion "1"]
[SourceVersionDate "2010.11.26"]
[SourceQuality "1"]
[WhiteTeam "Trostberg"]
[BlackTeam "Freising"]
[WhiteTeamCountry "GER"]
[BlackTeamCountry "GER"]

1. d4 f5 2. c4 d6 3. Nf3 Nf6 4. Nc3 g6 5. g3 Bg7 6. Bg2 0-0 7. 0-0 Qe8 8. b3 Na6 9. Ba3 c6 10. Rc1 Bd7 11. Qd3 b5 12. cxb5 cxb5 13. Ng5 Rb8 14. Nd5 h6 15. Nxf6+ Rxf6 16. Nf3 Rb6 17. Rfe1 b4 18. Bb2 Bb5 19. Qd2 Rf8 20. e4 fxe4 21. Rxe4 Qd7 22. Rce1 Rf7 23. Re6 g5 24. d5 Nc5 25. Bxg7 Rxg7 26. Rxh6 Qf5 27. Nd4 Qd3 28. Qxd3 Nxd3 29. Rd1 Ne5 30. Rc1 Bd7 31. Ne6 Ng4 32. Rh5 Bxe6 33. dxe6 Rb8 34. h4 gxh4 35. Rxh4 Nf6 36. Rc7 a5 37. Ra7 Kf8 38. Rxa5 Rh7 39. Rxh7 Nxh7 40. Rf5+ Nf6 41. g4 Kg7 42. Bf3 Rb6 43. g5 Kg6 44. Rxf6+ exf6 45. e7 Rb8 46. Bc6 1-0

[Event "HUN-chT 0910"]
[Site "Hungary"]
[Date "2010.03.21"]
[Round "8"]
[White "Szamoskozi, Gabor"]
[Black "Anka, Emil"]
[Result "1/2-1/2"]
[WhiteElo "2323"]
[BlackElo "2384"]
[PlyCount "68"]
[EventDate "2009.11.08"]
[EventType "team-tourn"]
[EventRounds "11"]
[EventCountry "HUN"]
[SourceTitle "EXT 2011"]
[Source "ChessBase"]
[SourceDate "2010.11.26"]
[SourceVersion "1"]
[SourceVersionDate "2010.11.26"]
[SourceQuality "1"]
[WhiteTeam "BEAC"]
[BlackTeam "MLTC"]
[WhiteTeamCountry "HUN"]
[BlackTeamCountry "HUN"]

1. e4 c5 2. Nf3 d6 3. Bc4 Nf6 4. d3 Nc6 5. c3 Bg4 6. Nbd2 e6 7. 0-0 Be7 8. h3 Bh5 9. Re1 0-0 10. Bb3 b5 11. Bc2 Nd7 12. a4 b4 13. g4 Bg6 14. d4 bxc3 15. bxc3 cxd4 16. cxd4 d5 17. exd5 Bxc2 18. Qxc2 Nb4 19. Qd1 Nxd5 20. Nc4 Rc8 21. Nce5 Nb4 22. Re2 Nb6 23. a5 N6d5 24. Rb2 Nc3 25. Qf1 Qd5 26. Kg2 f6 27. Nd3 Nxd3 28. Qxd3 e5 29. Qe3 Bd6 30. Bd2 exd4 31. Qxd4 Qxd4 32. Nxd4 Be5 33. Bxc3 Rxc3 34. Rd2 Rd8 1/2-1/2

[Event "FRA-chT2 0910"]
[Site "France"]
[Date "2009.12.13"]
[Round "6.1"]
[White "Rusev, Krasimir"]
[Black "Anka, Emil"]
[Result "1/2-1/2"]
[WhiteElo "2537"]
[BlackElo "2390"]
[PlyCount "32"]
[EventDate "2009.09.27"]
[EventType "team-tourn"]
[EventRounds "11"]
[EventCountry "FRA"]
[SourceTitle "EXT 2011"]
[Source "ChessBase"]
[SourceDate "2010.11.26"]
[SourceVersion "1"]
[SourceVersionDate "2010.11.26"]
[SourceQuality "1"]

1. d4 Nf6 2. Nf3 g6 3. c4 Bg7 4. Nc3 d6 5. h3 0-0 6. e4 c5 7. d5 e6 8. Bd3 exd5 9. exd5 Re8+ 10. Be3 Bh6 11. 0-0 Bxe3 12. fxe3 Qe7 13. e4 Nbd7 14. Qd2 Ne5 15. Nxe5 Qxe5 16. Qf4 Kg7 1/2-1/2

[Event "Regionalliga SO 0910"]
[Site "Bayern"]
[Date "2009.11.29"]
[Round "3.1"]
[White "Seisenberger, Georg"]
[Black "Anka, Emil"]
[Result "0-1"]
[WhiteElo "2038"]
[BlackElo "2359"]
[PlyCount "70"]
[EventDate "2009.10.18"]
[EventType "team-tourn"]
[EventRounds "9"]
[EventCountry "GER"]
[SourceTitle "EXT 2011"]
[Source "ChessBase"]
[SourceDate "2010.11.26"]
[SourceVersion "1"]
[SourceVersionDate "2010.11.26"]
[SourceQuality "1"]
[WhiteTeam "Ilmmuenster"]
[BlackTeam "Trostberg"]
[WhiteTeamCountry "GER"]
[BlackTeamCountry "GER"]

1. d4 Nf6 2. c4 e6 3. Nf3 c5 4. d5 exd5 5. cxd5 d6 6. Nc3 g6 7. Bf4 a6 8. a4 Bg7 9. h3 Qe7 10. e3 Nbd7 11. Be2 0-0 12. 0-0 Ne8 13. e4 Rb8 14. Qd2 Nc7 15. Rfe1 Rd8 16. Bf1 b6 17. Rad1 Ne8 18. Rb1 Ne5 19. Nxe5 dxe5 20. Bg3 Nd6 21. b4 cxb4 22. Rxb4 Nf5 23. Ne2 Nxg3 24. Nxg3 Bf8 25. Reb1 Qf6 26. R4b3 Bc5 27. Bc4 Qe7 28. Qe2 a5 29. Nf1 Rd6 30. Bb5 f5 31. exf5 Bxf5 32. Rd1 Rf8 33. Ne3 Kh8 34. Nxf5 Rxf5 35. Re1 Rxf2 0-1

[Event "FRA-chT2 East 0809"]
[Site "France"]
[Date "2009.03.15"]
[Round "9.1"]
[White "Cekro, Ekrem"]
[Black "Anka, Emil"]
[Result "1-0"]
[WhiteElo "2424"]
[BlackElo "2394"]
[PlyCount "53"]
[EventDate "2008.10.19"]
[EventType "team-tourn"]
[EventRounds "11"]
[EventCountry "FRA"]
[SourceTitle "EXT 2010"]
[Source "ChessBase"]
[SourceDate "2010.11.25"]
[SourceVersion "1"]
[SourceVersionDate "2010.11.25"]
[SourceQuality "1"]
[WhiteTeam "Metz Fischer II"]
[BlackTeam "Mundolsheim"]
[WhiteTeamCountry "FRA"]
[BlackTeamCountry "FRA"]

1. c4 e6 2. Nf3 Nf6 3. g3 d5 4. b3 b6 5. Bg2 Bb7 6. 0-0 Nbd7 7. Bb2 Bd6 8. Nc3 0-0 9. e3 a6 10. Qe2 Qe7 11. d3 Ba3 12. Rfe1 Bxb2 13. Qxb2 Rfd8 14. Rad1 Rac8 15. Qc2 c5 16. h3 h6 17. Kh1 Bc6 18. cxd5 Nxd5 19. Nxd5 Bxd5 20. Qe2 a5 21. d4 Nf6 22. dxc5 Qxc5 23. Qb2 Qc6 24. Ne5 Qb7 25. f3 Qb8 26. e4 Bb7 27. Nc4 1-0

[Event "FRA-chT2 East 0809"]
[Site "France"]
[Date "2009.03.14"]
[Round "8.1"]
[White "Anka, Emil"]
[Black "Zaragatski, Ilja"]
[Result "1/2-1/2"]
[WhiteElo "2394"]
[BlackElo "2428"]
[PlyCount "71"]
[EventDate "2008.10.19"]
[EventType "team-tourn"]
[EventRounds "11"]
[EventCountry "FRA"]
[SourceTitle "EXT 2010"]
[Source "ChessBase"]
[SourceDate "2010.11.25"]
[SourceVersion "1"]
[SourceVersionDate "2010.11.25"]
[SourceQuality "1"]
[WhiteTeam "Mundolsheim"]
[BlackTeam "Vandoeuvre II"]
[WhiteTeamCountry "FRA"]
[BlackTeamCountry "FRA"]

1. d4 Nf6 2. c4 c5 3. d5 b5 4. cxb5 a6 5. bxa6 g6 6. Nc3 Bxa6 7. Nf3 d6 8. e4 Bxf1 9. Kxf1 Bg7 10. g3 0-0 11. Kg2 Nbd7 12. Re1 Ng4 13. h3 Nge5 14. Nxe5 Nxe5 15. Bf4 Qa5 16. Bxe5 Bxe5 17. Rc1 Bxc3 18. bxc3 Qxa2 19. e5 Qc4 20. Qf3 Rad8 21. Qe4 Qxe4+ 22. Rxe4 Rd7 23. c4 Rb8 24. e6 Ra7 25. exf7+ Kxf7 26. Rc3 Rf8 27. Rce3 Ke8 28. h4 Rf7 29. f4 Kf8 30. g4 Ra1 31. Rb3 h5 32. g5 Ra2+ 33. Kg3 Ra1 34. Kg2 Ra2+ 35. Kg3 Ra1 36. Kg2 1/2-1/2

[Event "HUN-chT 0708"]
[Site "Hungary"]
[Date "2007.11.11"]
[Round "2"]
[White "Stohl, Igor"]
[Black "Anka, Emil"]
[Result "1/2-1/2"]
[WhiteElo "2545"]
[BlackElo "2407"]
[PlyCount "69"]
[EventDate "2007.10.14"]
[EventType "team"]
[EventRounds "11"]
[EventCountry "HUN"]
[SourceTitle "EXT 2009"]
[Source "ChessBase"]
[SourceDate "2008.11.26"]
[SourceVersion "1"]
[SourceVersionDate "2008.11.26"]
[SourceQuality "1"]
[WhiteTeam "Csuti"]
[BlackTeam "Statisztika"]
[WhiteTeamCountry "HUN"]
[BlackTeamCountry "HUN"]

1. d4 e6 2. c4 Bb4+ 3. Bd2 Qe7 4. g3 Nf6 5. Bg2 Nc6 6. d5 Ne5 7. Qb3 Bxd2+ 8. Nxd2 exd5 9. cxd5 c6 10. Nh3 0-0 11. 0-0 Nxd5 12. Bxd5 cxd5 13. Qxd5 d6 14. Nf4 Ng6 15. Nxg6 hxg6 16. Ne4 Rd8 17. Rfd1 Be6 18. Qd4 d5 19. Nd2 Rdc8 20. Rac1 b6 21. Nf3 Rc4 22. Qd2 Rac8 23. Nd4 Qf6 24. e3 Bg4 25. Re1 Kh7 26. b3 R4c5 27. Kg2 g5 28. f3 Bd7 29. g4 g6 30. Ne2 Qe5 31. Nd4 Kg7 32. Rcd1 Rc3 33. Rc1 R3c5 34. Rcd1 Rc3 35. Rc1 1/2-1/2

[Event "HUN-chT 0708"]
[Site "Hungary"]
[Date "2007.10.14"]
[Round "1"]
[White "Anka, Emil"]
[Black "Karacsony, Attila"]
[Result "1-0"]
[WhiteElo "2407"]
[BlackElo "2309"]
[PlyCount "57"]
[EventDate "2007.10.14"]
[EventType "team"]
[EventRounds "11"]
[EventCountry "HUN"]
[SourceTitle "EXT 2009"]
[Source "ChessBase"]
[SourceDate "2008.11.26"]
[SourceVersion "1"]
[SourceVersionDate "2008.11.26"]
[SourceQuality "1"]
[WhiteTeam "Statisztika"]
[BlackTeam "Vasas"]
[WhiteTeamCountry "HUN"]
[BlackTeamCountry "HUN"]

1. d4 f5 2. Nf3 g6 3. c4 Nf6 4. g3 Bg7 5. Bg2 0-0 6. Nc3 d6 7. 0-0 Nc6 8. d5 Ne5 9. Nxe5 dxe5 10. Qb3 h6 11. c5 Kh8 12. a4 a6 13. a5 g5 14. Ra4 Qe8 15. Rb4 Qh5 16. Rxb7 Bxb7 17. Qxb7 Rfc8 18. Qc6 Qf7 19. Rd1 e4 20. f3 exf3 21. exf3 f4 22. gxf4 gxf4 23. Bh3 Rf8 24. Kh1 Qh5 25. Bg2 Qh4 26. Bd2 Ng4 27. fxg4 f3 28. Bf1 Be5 29. Qxh6+ 1-0

[Event "Las Vegas National op"]
[Site "Las Vegas"]
[Date "2007.06.08"]
[Round "1"]
[White "Wolfley, Lawrence"]
[Black "Anka, Emil"]
[Result "1/2-1/2"]
[WhiteElo "2133"]
[BlackElo "2440"]
[PlyCount "35"]
[EventDate "2007.06.08"]
[EventType "swiss"]
[EventRounds "6"]
[EventCountry "USA"]
[SourceTitle "CBM 118 Extra"]
[Source "ChessBase"]
[SourceDate "2007.07.04"]
[SourceVersion "1"]
[SourceVersionDate "2007.07.04"]
[SourceQuality "1"]

1. e4 c5 2. Nf3 d6 3. Bb5+ Nd7 4. d4 Ngf6 5. Nc3 a6 6. Bxd7+ Nxd7 7. Bg5 Qa5 8. a4 cxd4 9. Qxd4 e6 10. 0-0 Ne5 11. Nxe5 dxe5 12. Qd3 Bd7 13. Rfd1 Qc7 14. Be3 0-0-0 15. Nb5 axb5 16. axb5 Kb8 17. Ba7+ Kc8 18. Be3 1/2-1/2

[Event "Chicago op 16th"]
[Site "Oak Brook"]
[Date "2007.05.27"]
[Round "4"]
[White "Anka, Emil"]
[Black "Aveskulov, Valeriy"]
[Result "0-1"]
[WhiteElo "2440"]
[BlackElo "2539"]
[PlyCount "98"]
[EventDate "2007.05.25"]
[EventType "swiss"]
[EventRounds "7"]
[EventCountry "USA"]
[SourceTitle "CBM 118 Extra"]
[Source "ChessBase"]
[SourceDate "2007.07.04"]
[SourceVersion "1"]
[SourceVersionDate "2007.07.04"]
[SourceQuality "1"]

1. e4 c5 2. Nf3 d6 3. d4 Nf6 4. Nc3 cxd4 5. Nxd4 a6 6. Be3 e5 7. Nb3 Be6 8. Qd2 Nbd7 9. f3 h5 10. 0-0-0 Rc8 11. Kb1 Be7 12. Nd5 Nxd5 13. exd5 Bf5 14. Bd3 Bxd3 15. Qxd3 Bg5 16. Bf2 0-0 17. h4 Bf4 18. g3 Bh6 19. g4 Bf4 20. Be3 Bxe3 21. Qxe3 Rc4 22. Nd2 Rf4 23. gxh5 Nf6 24. Ne4 Nxe4 25. fxe4 f5 26. exf5 R8xf5 27. h6 g6 28. a3 Kh7 29. Rdg1 Qe7 30. h5 g5 31. Rg3 Qf7 32. c4 Qc7 33. Rc1 b6 34. Qd3 Kxh6 35. c5 bxc5 36. Qxa6 Rf6 37. Rb3 Qf7 38. Qc6 g4 39. Rb7 Qxh5 40. Qd7 Qf5+ 41. Qxf5 R4xf5 42. Ka2 Rf1 43. Rc2 g3 44. Rg2 R1f3 45. Rg1 Rg6 46. b4 cxb4 47. Rxb4 Rf2+ 48. Rb2 Rxb2+ 49. Kxb2 Kh5 0-1

[Event "HUN-chT 0607"]
[Site "Hungary"]
[Date "2007.05.20"]
[Round "11"]
[White "Hajnal, Zoltan"]
[Black "Anka, Emil"]
[Result "0-1"]
[WhiteElo "2437"]
[BlackElo "2432"]
[PlyCount "62"]
[EventDate "2006.11.12"]
[EventType "team"]
[EventRounds "11"]
[EventCountry "HUN"]
[SourceTitle "EXT 2008"]
[Source "ChessBase"]
[SourceDate "2007.11.25"]
[SourceVersion "1"]
[SourceVersionDate "2007.11.25"]
[SourceQuality "1"]
[WhiteTeam "Edeleny"]
[BlackTeam "Statisztika"]
[WhiteTeamCountry "HUN"]
[BlackTeamCountry "HUN"]

1. e4 c5 2. Nf3 d6 3. d4 cxd4 4. Nxd4 Nf6 5. Nc3 a6 6. f3 e5 7. Nb3 Be6 8. Be3 Be7 9. Qd2 0-0 10. 0-0-0 Nbd7 11. g4 b5 12. g5 b4 13. Ne2 Ne8 14. Kb1 a5 15. h4 Nb6 16. Ng3 a4 17. Nc1 d5 18. Bxb6 Qxb6 19. exd5 Rd8 20. Bc4 Nc7 21. Qe2 Nxd5 22. Bxd5 Bxd5 23. Nf5 Qe6 24. Nxe7+ Qxe7 25. Rhe1 f6 26. gxf6 Qxf6 27. Qb5 Qxh4 28. Qxa4 Ra8 29. Qd7 Bxf3 30. Ne2 Qc4 31. b3 Qa6 0-1

[Event "HUN-chT 0607"]
[Site "Hungary"]
[Date "2007.05.06"]
[Round "10"]
[White "Stohl, Igor"]
[Black "Anka, Emil"]
[Result "1/2-1/2"]
[WhiteElo "2551"]
[BlackElo "2432"]
[PlyCount "40"]
[EventDate "2006.11.12"]
[EventType "team"]
[EventRounds "11"]
[EventCountry "HUN"]
[SourceTitle "EXT 2008"]
[Source "ChessBase"]
[SourceDate "2007.11.25"]
[SourceVersion "1"]
[SourceVersionDate "2007.11.25"]
[SourceQuality "1"]
[WhiteTeam "Csuti"]
[BlackTeam "Statisztika"]
[WhiteTeamCountry "HUN"]
[BlackTeamCountry "HUN"]

1. c4 e6 2. Nc3 Bb4 3. e4 Ne7 4. d4 d5 5. a3 Bxc3+ 6. bxc3 c5 7. e5 Bd7 8. cxd5 exd5 9. Bd3 Nbc6 10. Ne2 c4 11. Bc2 Bf5 12. Ng3 Bxc2 13. Qxc2 Qd7 14. Bg5 h6 15. Bxe7 Nxe7 16. 0-0 0-0 17. Rae1 f5 18. f4 b5 19. Nh5 Qe6 20. Rb1 Rab8 1/2-1/2

[Event "FRA-chT2 East 0607"]
[Site "France"]
[Date "2007.03.31"]
[Round "10.1"]
[White "Anka, Emil"]
[Black "Istratescu, Andrei"]
[Result "0-1"]
[WhiteElo "2437"]
[BlackElo "2619"]
[PlyCount "62"]
[EventDate "2006.10.15"]
[EventType "team"]
[EventRounds "11"]
[EventCountry "FRA"]
[SourceTitle "EXT 2008"]
[Source "ChessBase"]
[SourceDate "2007.11.25"]
[SourceVersion "1"]
[SourceVersionDate "2007.11.25"]
[SourceQuality "1"]
[WhiteTeam "Mundolsheim"]
[BlackTeam "Belfort"]
[WhiteTeamCountry "FRA"]
[BlackTeamCountry "FRA"]

1. Nf3 Nf6 2. c4 c5 3. Nc3 Nc6 4. g3 d5 5. cxd5 Nxd5 6. Bg2 Nc7 7. d3 e5 8. Nd2 Bd7 9. a4 Be7 10. Nc4 0-0 11. 0-0 f6 12. Nd5 Nxd5 13. Bxd5+ Kh8 14. Bg2 Rc8 15. Bd2 Be6 16. Bc3 Qd7 17. f4 exf4 18. Rxf4 f5 19. Ne5 Nxe5 20. Bxe5 Bg5 21. Rf3 Qe7 22. e4 fxe4 23. Rxf8+ Rxf8 24. dxe4 Be3+ 25. Kh1 Rd8 26. Qe1 Bd4 27. Bxd4 cxd4 28. Qa5 d3 29. Rd1 Bg4 30. Rd2 b6 31. Qb5 Qc7 0-1

[Event "FRA-chT2 East 0607"]
[Site "France"]
[Date "2007.03.17"]
[Round "8.1"]
[White "Anka, Emil"]
[Black "Ikonnikov, Vyacheslav"]
[Result "0-1"]
[WhiteElo "2437"]
[BlackElo "2549"]
[PlyCount "112"]
[EventDate "2006.10.15"]
[EventType "team"]
[EventRounds "11"]
[EventCountry "FRA"]
[SourceTitle "EXT 2008"]
[Source "ChessBase"]
[SourceDate "2007.11.25"]
[SourceVersion "1"]
[SourceVersionDate "2007.11.25"]
[SourceQuality "1"]
[WhiteTeam "Mundolsheim"]
[BlackTeam "Gambsheim"]
[WhiteTeamCountry "FRA"]
[BlackTeamCountry "FRA"]

1. e4 c5 2. Nf3 Nc6 3. d4 cxd4 4. Nxd4 e5 5. Nb5 d6 6. c4 Be7 7. Bd3 a6 8. N5c3 Bg5 9. Nd2 Nge7 10. h4 Bh6 11. Nf1 Bxc1 12. Rxc1 0-0 13. Ne3 Nd4 14. Qd2 f5 15. exf5 Nexf5 16. Bxf5 Bxf5 17. Ne2 Nxe2 18. Qxe2 Be4 19. Qd2 Kh8 20. c5 Qf6 21. f3 Bc6 22. Ng4 Qf5 23. cxd6 e4 24. 0-0 exf3 25. Nh2 Qg6 26. h5 Qxg2+ 27. Qxg2 fxg2 28. Rxf8+ Rxf8 29. Ng4 Rf5 30. Ne3 Rf3 31. Rd1 Rxe3 32. d7 Bxd7 33. Rxd7 h6 34. Rxb7 Re5 35. b4 Rxh5 36. Ra7 Rb5 37. a3 Rb6 38. Kxg2 Kh7 39. Kg3 h5 40. Ra8 Kh6 41. Rh8+ Kg5 42. Rc8 Re6 43. Rc5+ Kh6 44. Ra5 g5 45. Kf3 Rf6+ 46. Kg3 h4+ 47. Kg4 Rd6 48. Kf5 h3 49. Re5 h2 50. Re1 Kh5 51. a4 g4 52. Rh1 g3 53. Kf4 Kh4 54. b5 axb5 55. axb5 Rd4+ 56. Kf3 Kh3 0-1

[Event "FRA-chT2 East 0607"]
[Site "France"]
[Date "2007.02.11"]
[Round "7.1"]
[White "Anka, Emil"]
[Black "Herbrechtsmeier, Christof"]
[Result "1-0"]
[WhiteElo "2437"]
[BlackElo "2249"]
[PlyCount "59"]
[EventDate "2006.10.15"]
[EventType "team"]
[EventRounds "11"]
[EventCountry "FRA"]
[SourceTitle "EXT 2008"]
[Source "ChessBase"]
[SourceDate "2007.11.25"]
[SourceVersion "1"]
[SourceVersionDate "2007.11.25"]
[SourceQuality "1"]
[WhiteTeam "Mundolsheim"]
[BlackTeam "Strasbourg II"]
[WhiteTeamCountry "FRA"]
[BlackTeamCountry "FRA"]

1. e4 c5 2. Nf3 g6 3. d4 cxd4 4. Nxd4 Nc6 5. c4 Nf6 6. Nc3 d6 7. Be2 Nxd4 8. Qxd4 Bg7 9. Be3 0-0 10. Qd2 Be6 11. f3 Rc8 12. Nd5 Nxd5 13. exd5 Bf5 14. Rc1 b5 15. b3 bxc4 16. Bxc4 Rc7 17. 0-0 e6 18. dxe6 Bxe6 19. Bxe6 fxe6 20. Rxc7 Qxc7 21. Rc1 Qb8 22. Rc6 Be5 23. f4 Qb5 24. Rc4 Bg7 25. Qxd6 e5 26. Qe6+ Kh8 27. Rc8 Qd3 28. Rxf8+ Bxf8 29. Qxe5+ Kg8 30. h3 1-0